Valorant Maps (Updated Every Month). - Statistics

General Stats
  • This quiz has been taken 181 times
    11 since last reset
  • The average score is 13 of 18
Answer Stats
Game Mode Maps % Correct
#1 Standard Abyss
90%
#5 Standard Corrode
90%
#9 Standard Lotus
90%
#10 Standard Pearl
90%
#11 Standard Split
90%
#3 Standard Bind
80%
#6 Standard Fracture
80%
#12 Standard Sunset
80%
#2 Standard Ascent
70%
#4 Standard Breeze
70%
#7 Standard Haven
70%
#8 Standard Icebox
70%
#1 Practice The Range
70%
#3 T-DeathMatch Kasbah
60%
#2 T-DeathMatch Drift
50%
#5 T-DeathMatch Glitch
50%
#4 T-DeathMatch Piazza
50%
#1 T-DeathMatch District
30%
No matching quizzes found
Score Distribution
Percent of People with Each Score
Percentile by Number Answered
Your Score History
You have not taken this quiz since the last reset